000
00316nam a2200133Ia 4500
008
220216s9999 xx 000 0 und d
100
_a
Yoon P K
245
0
_a
RRIM crown budding trials
260
_b
Planters Bulletin
_c
1967
300
_a
240-249
650
_a
Crown budding
650
_a
Wind damage
942
_c
JS
999
_c
67362
_d
67362